Tulasī-darśana-mīmāṃsā. (Record no. 52919)

MARC details
000 -LEADER
fixed length control field 00573cam a22002291 4500
001 - CONTROL NUMBER
control field sa 62000393
003 - CONTROL NUMBER IDENTIFIER
control field DLC
005 - DATE AND TIME OF LATEST TRANSACTION
control field 20260227111914.0
008 - FIXED-LENGTH DATA ELEMENTS--GENERAL INFORMATION
fixed length control field 890802s1961 ii b 000 0 hino
010 ## - LIBRARY OF CONGRESS CONTROL NUMBER
LC control number sa 62000393
035 ## - SYSTEM CONTROL NUMBER
System control number (OCoLC)20114935
040 ## - CATALOGING SOURCE
Original cataloging agency DLC
Transcribing agency WaU
Modifying agency DLC
042 ## - AUTHENTICATION CODE
Authentication code premarc
050 00 - LIBRARY OF CONGRESS CALL NUMBER
Classification number PK2096.T8
Item number Z85
100 1# - MAIN ENTRY--PERSONAL NAME
Personal name Singh, Uday Bhanu.
245 00 - TITLE STATEMENT
Title Tulasī-darśana-mīmāṃsā.
260 ## - PUBLICATION, DISTRIBUTION, ETC.
Date of publication, distribution, etc. [1961]
300 ## - PHYSICAL DESCRIPTION
Extent 6, 464,
Dimensions 26 cm.
500 ## - GENERAL NOTE
General note In Hindi.
504 ## - BIBLIOGRAPHY, ETC. NOTE
Bibliography, etc. note Bibliography: p. [432]-452.
600 00 - SUBJECT ADDED ENTRY--PERSONAL NAME
Personal name Tulasīdāsa,
Dates associated with a name 1532-1623.

No items available.

Powered by Koha